000 00911nam a2200253 a 4500
001 22915
003 CO-ViMGA
008 141112s2004 ck r 000 u spa d
020 _a9701511077
040 _aCO-ViMGA
_bspa
_cCO-ViMGA
082 0 4 _a530 B871f
100 1 _aBurbano de estrella, Santiago
_932887
245 1 0 _aFìsica general
250 _a32a Ed.
260 _aMéxico :
_bAlfaomega
300 _a794p.
505 _aFisica, Magnitudes fisicas, sistemas de unidades, errores en las medidas, Calculo vectorial, Cinematica de la particula, Cinematica de los movimientos, Fuerza y masa, Dinamica del solido rigido, Peso rozamiento, oscilaciones y El calor y sus efectos, El campo magnetico
650 1 4 _aDINAMICA
_932888
650 1 4 _aFisica
_910460
650 1 4 _aFISICA - PROBLEMAS , EJERCICIOS
_932889
650 1 4 _aFISICA NUCLEAR
650 1 4 _aTERMODINAMICA
_9497
942 _2ddc
_cBK
999 _c31206
_d31206